000 00336nam a2200121 i 4500
001 bg
245 0 _aPomorskie środowisko przyrodnicze -jego ochrona i kształtowanie :
_bmateriały kursokonferencji.
_nT. 2.
260 _aWarszawa,
_c1974.
040 _cBPK
041 _apol
942 _cKS
008 s pl f |000 0 pol
999 _c16213
_d16213
856 _uhttp://koha.tu.koszalin.pl/cgi-bin/koha/opac-detail.pl?biblionumber=16213
_yKatalog online BPK